000 00663nam a2200241 i 4500
001 C2-0309639
003 PPAK
005 20180728100742.0
008 110601s2004 si a|||| ||||| | eng d
020 _a9814417407
040 _aPPAK
_beng
_cPPAK
_erda
082 0 4 _a823
_223
090 0 0 _a823
_bDIC
_dKMI
100 1 _aDickens, Charles,
_eauthor
245 1 0 _aDavid Copperfield
264 1 _aSingapore :
_bAllscript Establishment ,
_c2004
300 _a240 pages :
_billustrations ;
_c13 cm
336 _2rdacontent
_atext
337 _2rdamedia
_aunmediated
338 _2rdacarrier
_avolume
650 1 0 _aChildren's stories, English.
942 _ddc
_cB
999 _c112168
_d112168